| 000 | 01616cam a22002775a 4500 | ||
|---|---|---|---|
| 001 | 18697505 | ||
| 005 | 20160727134339.0 | ||
| 008 | 150713t2016 enka frb f001 0 eng d | ||
| 020 | _a9780198746218 | ||
| 020 | _a0198746210 | ||
| 040 |
_aDLC _beng _cDLC _dDLC _dEG-ScBUE |
||
| 082 | 0 | 4 |
_222 _a341.48 _bSMI |
| 100 | 1 |
_aSmith, Rhona K. M. _940470 |
|
| 245 | 1 | 0 |
_aTextbook on international human rights / _cRhona K. M. Smith. |
| 246 | 3 | 0 | _aInternational human rights |
| 250 | _a7th ed. | ||
| 260 |
_aOxford : _bOxford University Press, _cc.2016. |
||
| 300 |
_axxix, 416 p. : _bill. ; _c25 cm. |
||
| 500 | _aIndex : p. 400-416. | ||
| 504 | _aIncludes bibliographical references. | ||
| 505 | 0 | _aIntroduction -- Historical background -- The United Nations -- The International Bill of Human Rights -- The United Nations : organizational structure -- Regional protection of human rights -- Europe -- The Organization of American States -- The African Union -- Monitoring, implementing, and enforcing human rights -- Substantive rights : general comments -- Equality and non-discrimination -- The right to life -- Freedom from torture : cruel, inhuman, and degrading treatment or punishment -- The rights to liberty of person -- Equality before the law : the right to a fair trial -- The right to self-determination -- Freedom of expression -- The right to work -- The right to education and human rights education -- Minority rights -- Rights for specific categories of persons -- Looking to the future. | |
| 650 | 7 |
_aHuman rights. _2BUEsh _911033 |
|
| 651 | _2BUEsh | ||
| 653 |
_bLLAAWW _cJuly2016 |
||
| 942 | _2ddc | ||
| 999 |
_c22042 _d22014 |
||